• 首页
  • 本馆介绍
  • 公告通知
  • 最新文献
  • 馆藏检索
  • 电子资源
  • 读者导购
  • 参考咨询
  • 我的图书馆
  • 登录
  • 详细信息显示
  • 放入我的书架
  • 预约/预借图书
  • 作者相关作品
  • 分类相关作品
  • 丛书相关作品
  • 出版社相关作品

书目信息

  • 表格格式
  • 工作单格式
  • 卡片格式
题名:
轻松搞定家庭作业
    
 
作者: 弗赖雷克 , 普拉策 著 ;杨迎春 译
分册:  
出版信息: 杭州   浙江教育出版社  2022.08
页数: 185页
开本: 23cm
丛书名:
单 册:
中图分类: G424.6
科图分类:
主题词: 学生作业--教育心理辅导
电子资源:
ISBN: 978-7-5722-3703-4
000 01643nam0 2200277 450
001 012001002198
005 20141203120931.0
010    @a978-7-5722-3703-4@dCNY69.90
100    @a20220905d2022 em y0chiy50 ea
101 1  @achi@ceng
102    @aCN@b330000
105    @ak z 000yy
106    @ar
200 1  @a轻松搞定家庭作业@Aqing song gao ding jia ting zuo ye@d= Taking the stress out of homework@f(美)阿比·弗赖雷克(Abby Freireich),(美)布里安·普拉策(Brian Platzer)著@g杨迎春译@zeng
210    @a杭州@c浙江教育出版社@d2022.08
215    @a185页@d23cm
305    @a由Avery, an imprint of Penguin Publishing Group, a division of Penguin Random House LLC授权出版
330    @a在本书中,面对家庭作业这个话题,作者回答了每个家长心中最关切的疑问:我应该参与多少?建设性的帮助应该是什么样的?我如何帮助我的孩子独立学习?对于父母来说,何时以及如何提供关于家庭作业的支持,是一个极大的难题。为此,本书使用现实生活中的故事来提供个性化的、可执行的建议。作者的核心观点是鼓励学生打破“让我们找到答案,这样我们就可以完成作业”的思维模式,转而采用一种以过程为导向的方法。书中充满了关于如何建立“执行功能”和“内容技能”的专家建议,两位作者还分享了减压的最佳做法。作者认为,家长用正确的方法在家庭作业方面为孩子提供支持,不仅是对孩子们正在学习的内容的巩固,还有助于帮助他们建立信心和技能。
510 1  @aTaking the stress out of homework@zeng
606 0  @a学生作业@x教育心理辅导
690    @aG424.6@v5
701  0 @c(美)@a弗赖雷克@Afu lai lei ke@c(Freireich, Abby)@4著
701  0 @c(美)@a普拉策@Apu la ce@c(Platzer, Brian)@4著
702  0 @a杨迎春@Ayang ying chun@4译
801  0 @aCN@bAHXH@c20221111
905    @b1372331-5@dG424.6@e544@f5
    
    轻松搞定家庭作业= Taking the stress out of homework/(美)阿比·弗赖雷克(Abby Freireich),(美)布里安·普拉策(Brian Platzer)著/杨迎春译.-杭州:浙江教育出版社,2022.08
    185页;23cm
    
    
    ISBN 978-7-5722-3703-4:CNY69.90
    在本书中,面对家庭作业这个话题,作者回答了每个家长心中最关切的疑问:我应该参与多少?建设性的帮助应该是什么样的?我如何帮助我的孩子独立学习?对于父母来说,何时以及如何提供关于家庭作业的支持,是一个极大的难题。为此,本书使用现实生活中的故事来提供个性化的、可执行的建议。作者的核心观点是鼓励学生打破“让我们找到答案,这样我们就可以完成作业”的思维模式,转而采用一种以过程为导向的方法。书中充满了关于如何建立“执行功能”和“内容技能”的专家建议,两位作者还分享了减压的最佳做法。作者认为,家长用正确的方法在家庭作业方面为孩子提供支持,不仅是对孩子们正在学习的内容的巩固,还有助于帮助他们建立信心和技能。
●
相关链接 在E读中查询图书 在五车中查询图书 在当当中查询图书 在豆瓣中查询图书


正题名:轻松搞定家庭作业     索取号:G424.6/544         预约/预借

序号 登录号 条形码 馆藏地/架位号 状态 备注
1 1372331   213723318   第一样本阅览室/ [索取号:G424.6/544] 在馆    
2 1372332   213723327   教育系资料室/ [索取号:G424.6/544] 在馆    
3 1372333   213723336   教育系资料室/ [索取号:G424.6/544] 在馆    
4 1372334   213723345   第四借阅区/ [索取号:G424.6/544] 在馆    
5 1372335   213723354   第四借阅区/ [索取号:G424.6/544] 在馆    
唐山师范学院图书馆 欢迎您!
大连网信软件有限公司© 版权所有